| 000 | 01476nam a22003257a 4500 | ||
|---|---|---|---|
| 999 |
_c29522 _d29493 |
||
| 003 | EG-ScBUE | ||
| 005 | 20211005095424.0 | ||
| 008 | 210927s2015 ua o f b 000 0 ara d | ||
| 017 | _a2015/7304 | ||
| 040 |
_aEG-ScBUE _bara _erda _cEG-ScBUE _dEG-ScBUE |
||
| 041 | 1 |
_aara _fjpn |
|
| 043 | _aa-ja--- | ||
| 082 | 0 | 4 |
_a001.420952 _bم س ا _222 |
| 100 | 1 |
_aإيماي، ماساهارو، _eمؤلف. |
|
| 245 | 1 | 0 |
_aدليل طلبة الدراسات العليا في كتابة متون الرسائل للبحوث الأدبية عن اليابان / _cأ.د. إيماي ماساهارو؛ مراجعة وترجمة أ. د. أحمد فتحي مصطفى . |
| 264 | 1 |
_aالقاهرة : _bمؤسسة اليابان مكتب القاهرة، _c2015. |
|
| 300 |
_a159 صفحة : _bصور ؛ _c22 سم |
||
| 336 |
_2rdacontent _aنص _btxt |
||
| 337 |
_2rdamedia _aبدون وسيط _bn |
||
| 338 |
_2rdacarrier _aمجلد _bnc |
||
| 504 | _aيشتمل على إرجاعات ببليوجرافية. | ||
| 541 |
_cDonation ; _aJapan Foundation. |
||
| 546 | _aالنص باللغة العربية وتم ترجمته من اللغة اليابانية. | ||
| 650 | 7 |
_aالرسائل الجامعية _zاليابان. _2BUEsh |
|
| 650 | 7 |
_aالكتابة العلمية _zاليابان. _2BUEsh |
|
| 653 | 7 |
_aBUEsh _bGGEN _cSeptember2021 |
|
| 655 | 7 |
_2BUEsh _vReading book _934232 |
|
| 700 | 1 |
_aمصطفى، أحمد فتحي، _eمترجم. _eمراجع. |
|
| 942 | _2ddc | ||